The evolution of British gerontology : personal perspectives and historical developments /

Bibliographic Details
Main Authors: Bernard, Miriam (Author), Ray, Mo (Author), Reynolds, Jackie (Author)
Format: eBook
Language:English
Published: Bristol ; Chicago, IL : Policy Press, 2020.
Subjects:
Online Access:Connect to the full text of this electronic book

MARC

Tag First Indicator Second Indicator Subfields
LEADER 00000cam a22000001i 4500
001 in00004401708
005 20210422122307.0
006 m |o d |
007 cr |n|||||||||
008 200602s2020 enka ob 001 0 eng d
020 |a 9781447343110 (electronic bk.) 
020 |a 1447343115 (electronic bk.) 
020 |z 9781447343103 
020 |z 1447343107 
020 |z 9781447343127 
020 |z 1447343123 
035 |a 6454759 
040 |a NhCcYBP  |c NhCcYBP  |d UtOrBLW 
043 |a e-uk--- 
050 4 |a HQ1064.G7  |b B47 2020 
082 0 4 |a 305.260941  |2 23 
100 1 |a Bernard, Miriam,  |e author.  |0 http://id.loc.gov/authorities/names/n86101732 
245 1 4 |a The evolution of British gerontology :  |b personal perspectives and historical developments /  |c Miriam Bernard, Mo Ray and Jackie Reynolds. 
264 1 |a Bristol ;  |a Chicago, IL :  |b Policy Press,  |c 2020. 
300 |a 1 online resource. 
336 |a text  |b txt  |2 rdacontent 
337 |a computer  |b c  |2 rdamedia 
338 |a online resource  |b cr  |2 rdacarrier 
500 |a Description based on print version record. 
504 |a Includes bibliographical references (pages 279-302) and index. 
588 |a Description based on print version record. 
500 |a Electronic resource. 
650 0 |a Gerontology  |z Great Britain. 
655 7 |a Electronic books.  |2 local 
700 1 |a Ray, Mo,  |e author.  |0 http://id.loc.gov/authorities/names/no2006046729 
700 1 |a Reynolds, Jackie,  |e author. 
776 1 8 |i ebook version :  |z 9781447343134 
776 1 8 |c Original  |z 9781447343103  |z 1447343107  |z 9781447343127  |z 1447343123 
856 4 0 |u http://proxy.library.tamu.edu/login?url=https://www.jstor.org/stable/10.2307/j.ctvzsmcpn  |z Connect to the full text of this electronic book  |t 0 
955 |a JSTOR DDA record 
999 f f |s 527bed48-a97d-347f-b897-8668f803dbef  |i f1d9b52c-151d-3f06-9004-1f715fa3b1ee  |t 0 
952 f f |a Texas A&M University  |b College Station  |c Electronic Resources  |d Available Online  |t 0  |e HQ1064.G7 B47 2020  |h Library of Congress classification 
998 f f |a HQ1064.G7 B47 2020  |t 0  |l Available Online